Statistics for Name that Historical Figure #2

Click here to take the quiz!

General Stats

  • This quiz has been taken 128,157 times
    (128,113 since last reset)
  • The average score is 11 of 20

Answer Stats

Answer% Correct
Elvis Presley
98%
Martin Luther King Jr.
96%
Mohandas Gandhi
96%
Charlie Chaplin
89%
Winston Churchill
86%
Joseph Stalin
83%
Ludwig van Beethoven
77%
Ben Franklin
66%
Joan of Arc
62%
Marie Curie
56%
Mark Twain
50%
Louis XIV
44%
Woodrow Wilson
42%
Kaiser Wilhelm II
35%
Douglas MacArthur
34%
Robert E Lee
32%
Ho Chi Minh
32%
Geronimo
31%
Rembrandt
30%
Leo Tolstoy
14%

Score Distribution

Percentile by Number Answered

Percent of People with Each Score

Your Score History

You have not taken this quiz since the last reset